| 000 | 01353nam a2200313 a 4500 | ||
|---|---|---|---|
| 001 | 000044796 | ||
| 003 | DO-SdBNP | ||
| 005 | 20260527074042.0 | ||
| 008 | 150112s2014 dr 000 0 spa d | ||
| 020 | _a9789945080643 | ||
| 040 |
_aDO-SdBNP _bspa _cBNPHU |
||
| 082 |
_a324.97293 _bL817s |
||
| 100 | 1 |
_aLockward, Angel, _911034 |
|
| 245 | 1 | 3 |
_aEl Sistema Electoral Dominicano, en perspectiva comparada, : _bgarantía y falacias / _cÁngel Lockward. |
| 260 |
_aLa Esperilla, Santo Domingo : _bFundación de Estudios Económicos y Políticos, _bSantuario, _c2014. |
||
| 300 |
_a582 p. ; _c25 cm. |
||
| 500 | _aIncluye datos biográficos del autor en la soñapa de la cubierta | ||
| 500 | _aIncluye referencias bibliográficas y notas al pie de las páginas | ||
| 502 | _aPresentado originalmente como tesis doctoral con calificación sobresaliente y honor Cum Laude | ||
| 504 | _aBibliografía : p. 551-581 | ||
| 590 | _aInventariado, 2018/BT | ||
| 650 | 4 |
_aElecciones _zRepública Dominicana _92992 |
|
| 650 | 0 |
_aPartidos políticos _zRepública Dominicana _9285 |
|
| 650 | 7 |
_aElecciones _xLegislación _zRepública Dominicana _9412 _2LEMB |
|
| 651 | 7 |
_aRepública Dominicana _xPolítica y gobierno _945 _2LEMB |
|
| 651 | 7 |
_aAmérica Laatina _zPolítica y gobierno _972823 _2LEMB |
|
| 910 | _aValidado. Control de calidad. MFF | ||
| 942 |
_2ddc _cLBS1 |
||
| 999 |
_c44285 _d44285 |
||